• 首页
  • 本馆介绍
  • 公告通知
  • 最新文献
  • 馆藏检索
  • 电子资源
  • 读者导购
  • 参考咨询
  • 我的图书馆
  • 登录
  • 详细信息显示
  • 放入我的书架
  • 预约/预借图书
  • 作者相关作品
  • 分类相关作品
  • 丛书相关作品
  • 出版社相关作品

书目信息

  • 表格格式
  • 工作单格式
  • 卡片格式
题名:
青年工作手册
    
 
作者: ;中国青年出版社 编
分册:  
出版信息: 北京   中国青年出版社  1982
页数: 638页
开本: 19cm
丛书名:
单 册:
中图分类: D432.6-62 , D423.6-62
科图分类:
主题词: 青年工作--中国--手册 , 农艺运动 , 农艺组织
电子资源:
ISBN:
000 00746nam0 2200277 45
001 0182008489
005 20040424102202.1
010    @dCNY1.50
091    @a7009.281
100    @a19950613d1982 em y0chiy0121 ea
101 0  @achi
102    @aCN@b110000
105    @ay z 000yy
106    @ar
200 10 @a青年工作手册@Aqing nian gong zuo shou ce@f中国青年出版社编
210    @a北京@c中国青年出版社@d1982
215    @a638页@d19cm
606    @a青年工作@y中国@x手册
606 0  @a农艺运动
606 0  @a农艺组织
690    @aD432.6-62@v3
690    @aD423.6-62
711 02 @a中国青年出版社@Azhong guo qing nian chu ban she@4编
801  0 @aCN@b上海图书馆@c20040424
801  2 @aCN@bNLC@c20040424
905    @f1@b77381@dD423.6-62@e47
    
    青年工作手册/中国青年出版社编.-北京:中国青年出版社,1982
    638页;19cm
    
    
    ISBN :CNY1.50
    
●
相关链接 在E读中查询图书 在五车中查询图书 在当当中查询图书 在豆瓣中查询图书


正题名:青年工作手册     索取号:D423.6-62/47         预约/预借

序号 登录号 条形码 馆藏地/架位号 状态 备注
1 0077381   000381429   密集书库/ [索取号:D423.6-62/47] 在馆    
唐山师范学院图书馆 欢迎您!
大连网信软件有限公司© 版权所有